| 000 | 01545cam a22003251i 4500 | ||
|---|---|---|---|
| 003 | SA-RiAUC | ||
| 005 | 20251022084413.0 | ||
| 008 | 251008s2017____su g 000 0 ara c | ||
| 020 | _a9786030221721 | ||
| 040 |
_aSA-RiIMS _bara _cSA-RiAUC _erda |
||
| 082 | _a414 | ||
| 090 |
_a414 _bا ب ن خ |
||
| 100 | 1 |
_aابن خالويه، الحسين بن أحمد، _dتوفي 370 هجري _eمؤلف. |
|
| 245 | 1 | 0 |
_aشرح الفصيح / _c الحسين بن أحمد بن خالويه ؛ تحقيق وتعليق عبد الله بن عمر الحاج إبراهيم، خالد بن محمد التويجري، سعيد بن علي العمري. |
| 250 | _aالطبعة الأولى. | ||
| 264 | 1 |
_aالرياض : _bمركز البحوث والتواصل المعرفي، _c2017 |
|
| 300 |
_a725 صفحة ؛ _c24 سم |
||
| 336 |
_aنص _btxt _2rdacontent _3كتاب |
||
| 337 |
_aبدون وسيط _bn _2rdamedia |
||
| 338 |
_aمجلد _bnc _2rdacarrier |
||
| 650 | 7 |
_aاللغة العربية _xتعبيرات اصطلاحية _2aucsh |
|
| 650 | 7 |
_aاللغة العربية _xاشتقاق _2aucsh |
|
| 700 | 1 |
_aإبراهيم، عبد الله بن عمر الحاج _eمحقق. |
|
| 700 | 1 |
_aالتويجري، خالد بن محمد بن عبد الله _eمحقق. |
|
| 700 | 1 |
_aالعمري، سعيد بن علي _eمحقق. |
|
| 700 | 1 | 2 |
_aثعلب، أحمد بن يحيى بن زيد، _d200-291 هجري |
| 740 | 0 | 2 | _aفصيح اللغة العربية. |
| 942 |
_2ddc _cBOOK _n0 |
||
| 949 |
_aSA-JeALM _d251008 _umohamedma123 _n1 |
||
| 999 |
_c12711 _d12711 |
||